000
00282nam a2200121Ia 4500
008
170620s9999 xx 000 0 und d
100
_a
RAMBABU-K & ET.AL.
245
0
_a
FUNDAMENTALS OF BIOCHEMISTRY
260
_b
AITBS DELHI
260
_c
2009
300
_a
532
546
_a
English
690
_a
BIOCHEMISTRY
999
_c
31336
_d
31336